| LEADER | 02156nam a2200253 4500 | ||
|---|---|---|---|
| 082 | |a 796.323 |b L504th | ||
| 100 | |a Tổng cục TDTT | ||
| 245 | |a Luật thi đấu bóng rổ |c Tổng cục TDTT | ||
| 260 | |a H.: |b Thể dục thể thao, |c 2015 | ||
| 300 | |a 155tr.; |c 19cm. | ||
| 520 | |a Trình bày định nghĩa trận đấu; kích thước sân và trang thiết bị thi đấu,... | ||
| 653 | |a Bóng rổ | ||
| 942 | |2 ddc |c STK0 | ||
| 999 | |c 12058 |d 12058 | ||
| 952 | |0 0 |1 0 |2 ddc |4 0 |6 796_323000000000000_L504TH |7 0 |8 700 |9 102398 |a qbu |b qbu |c D5 |d 2015-12-14 |g 35000 |o 796.323 L504th |p 11529.c1 |r 0000-00-00 |w 2015-12-14 |y STK0 | ||
| 952 | |0 0 |1 0 |2 ddc |4 0 |6 796_323000000000000_L504TH |7 0 |8 700 |9 102399 |a qbu |b qbu |c D5 |d 2015-12-14 |g 35000 |l 1 |m 1 |o 796.323 L504th |p 11529.c2 |r 2018-05-14 |s 2018-04-23 |w 2015-12-14 |y STK0 | ||
| 952 | |0 0 |1 0 |2 ddc |4 0 |6 796_323000000000000_L504TH |7 0 |8 700 |9 102400 |a qbu |b qbu |c D5 |d 2015-12-14 |g 35000 |l 2 |m 2 |o 796.323 L504th |p 11529.c3 |r 2018-05-14 |s 2018-04-23 |w 2015-12-14 |y STK0 | ||
| 952 | |0 0 |1 0 |2 ddc |4 0 |6 796_323000000000000_L504TH |7 0 |8 700 |9 102401 |a qbu |b qbu |c D5 |d 2015-12-14 |g 35000 |l 1 |o 796.323 L504th |p 11529.c4 |r 2018-05-25 |s 2018-05-07 |w 2015-12-14 |y STK0 | ||
| 952 | |0 0 |1 0 |2 ddc |4 0 |6 796_323000000000000_L504TH |7 0 |8 700 |9 102402 |a qbu |b qbu |c D5 |d 2015-12-14 |g 35000 |o 796.323 L504th |p 11529.c5 |r 0000-00-00 |w 2015-12-14 |y STK0 | ||
| 952 | |0 0 |1 0 |2 ddc |4 0 |6 796_323000000000000_L504TH |7 0 |8 700 |9 102403 |a qbu |b qbu |c D5 |d 2015-12-14 |g 35000 |o 796.323 L504th |p 11529.c6 |r 0000-00-00 |w 2015-12-14 |y STK0 | ||
| 952 | |0 0 |1 0 |2 ddc |4 0 |6 796_323000000000000_L504TH |7 0 |8 700 |9 102404 |a qbu |b qbu |c D5 |d 2015-12-14 |g 35000 |o 796.323 L504th |p 11529.c7 |r 0000-00-00 |w 2015-12-14 |y STK0 | ||
| 952 | |0 0 |1 0 |2 ddc |4 0 |6 796_323000000000000_L504TH |7 0 |8 700 |9 102405 |a qbu |b qbu |c D5 |d 2015-12-14 |g 35000 |l 1 |o 796.323 L504th |p 11529.c8 |r 2018-05-14 |s 2018-05-10 |w 2015-12-14 |y STK0 | ||
| 952 | |0 0 |1 0 |2 ddc |4 0 |6 796_323000000000000_L504TH |7 0 |8 700 |9 102406 |a qbu |b qbu |c D5 |d 2015-12-14 |g 35000 |l 1 |o 796.323 L504th |p 11529.c9 |r 2018-05-14 |s 2018-05-10 |w 2015-12-14 |y STK0 | ||
| 952 | |0 0 |1 1 |2 ddc |4 0 |6 796_323000000000000_L504TH |7 0 |8 700 |9 102407 |a qbu |b qbu |c D5 |d 2015-12-14 |g 35000 |l 9 |m 3 |o 796.323 L504th |p 11529.c10 |r 2020-08-26 |s 2020-06-24 |w 2015-12-14 |y STK0 | ||